Psychological therapy in prisons and other secure settings / (Record no. 4491)
[ view plain ]
| 000 -LEADER | |
|---|---|
| fixed length control field | 01322cam a2200373 a 4500 |
| 001 - CONTROL NUMBER | |
| control field | 16615408 |
| 003 - CONTROL NUMBER IDENTIFIER | |
| control field | GZU |
| 005 - DATE AND TIME OF LATEST TRANSACTION | |
| control field | 20210316103956.0 |
| 008 - FIXED-LENGTH DATA ELEMENTS--GENERAL INFORMATION | |
| fixed length control field | 110119s2010 enka b 001 0 eng d |
| 010 ## - LIBRARY OF CONGRESS CONTROL NUMBER | |
| LC control number | 2010284542 |
| 015 ## - NATIONAL BIBLIOGRAPHY NUMBER | |
| National bibliography number | GBB031237 |
| Source | bnb |
| 016 7# - NATIONAL BIBLIOGRAPHIC AGENCY CONTROL NUMBER | |
| Record control number | 101550670 |
| Source | DNLM |
| 016 7# - NATIONAL BIBLIOGRAPHIC AGENCY CONTROL NUMBER | |
| Record control number | 015494895 |
| Source | Uk |
| 020 ## - INTERNATIONAL STANDARD BOOK NUMBER | |
| International Standard Book Number | 9781843928003 (hbk.) |
| 020 ## - INTERNATIONAL STANDARD BOOK NUMBER | |
| International Standard Book Number | 9781843927990 (pbk.) |
| 035 ## - SYSTEM CONTROL NUMBER | |
| System control number | (OCoLC)ocn475456387 |
| 040 ## - CATALOGING SOURCE | |
| Original cataloging agency | NLM |
| Transcribing agency | NLM |
| Modifying agency | UKM |
| -- | BTCTA |
| -- | YDXCP |
| -- | C#P |
| -- | BWK |
| -- | BWX |
| -- | CDX |
| -- | NOH |
| -- | DLC |
| 042 ## - AUTHENTICATION CODE | |
| Authentication code | nlmcopyc |
| -- | lccopycat |
| 050 00 - LIBRARY OF CONGRESS CALL NUMBER | |
| Classification number | RC451.4.P68 |
| Item number | PSY 2010 |
| 245 00 - TITLE STATEMENT | |
| Title | Psychological therapy in prisons and other secure settings / |
| Statement of responsibility, etc. | edited by Joel Harvey and Kirsty Smedley. |
| 260 ## - PUBLICATION, DISTRIBUTION, ETC. | |
| Place of publication, distribution, etc. | Milton Park, Abingdon : |
| Name of publisher, distributor, etc. | Willan, |
| Date of publication, distribution, etc. | 2010. |
| 300 ## - PHYSICAL DESCRIPTION | |
| Extent | xxvii, 272 p. : |
| Other physical details | ill. ; |
| Dimensions | 24 cm. |
| 504 ## - BIBLIOGRAPHY, ETC. NOTE | |
| Bibliography, etc. note | Includes bibliographical references and index. |
| 610 12 - SUBJECT ADDED ENTRY--CORPORATE NAME | |
| Corporate name or jurisdiction name as entry element | Great Britain. |
| Subordinate unit | National Health Service. |
| 650 #0 - SUBJECT ADDED ENTRY--TOPICAL TERM | |
| Topical term or geographic name entry element | Prisoners |
| General subdivision | Mental health services. |
| 650 #0 - SUBJECT ADDED ENTRY--TOPICAL TERM | |
| Topical term or geographic name entry element | Psychotherapy. |
| 650 12 - SUBJECT ADDED ENTRY--TOPICAL TERM | |
| Topical term or geographic name entry element | Mental Health Services |
| Geographic subdivision | Great Britain. |
| 650 12 - SUBJECT ADDED ENTRY--TOPICAL TERM | |
| Topical term or geographic name entry element | Prisoners |
| General subdivision | psychology |
| Geographic subdivision | Great Britain. |
| 650 22 - SUBJECT ADDED ENTRY--TOPICAL TERM | |
| Topical term or geographic name entry element | Psychotherapy |
| General subdivision | methods |
| Geographic subdivision | Great Britain. |
| 700 1# - ADDED ENTRY--PERSONAL NAME | |
| Personal name | Harvey, Joel. |
| Relator term | editor |
| 700 1# - ADDED ENTRY--PERSONAL NAME | |
| Personal name | Smedley, Kirsty. |
| Relator term | editor |
| 906 ## - LOCAL DATA ELEMENT F, LDF (RLIN) | |
| a | 7 |
| b | cbc |
| c | copycat |
| d | 2 |
| e | ncip |
| f | 20 |
| g | y-gencatlg |
| 942 ## - ADDED ENTRY ELEMENTS (KOHA) | |
| Source of classification or shelving scheme | Library of Congress Classification |
| Koha item type | Books |
| Classification part | 451.4.P68 |
| Item part | PSY |
| Call number prefix | RC |
| Withdrawn status | Lost status | Source of classification or shelving scheme | Damaged status | Not for loan | Collection code | Home library | Current library | Shelving location | Date acquired | Source of acquisition | Inventory number | Total Checkouts | Full call number | Barcode | Date last seen | Copy number | Price effective from | Koha item type |
|---|---|---|---|---|---|---|---|---|---|---|---|---|---|---|---|---|---|---|
| Library of Congress Classification | Non-fiction | City Campus Library | City Campus Library | General Stacks | 03/16/2021 | Book Aid International | 20266 | RC451.4.P68 PSY 2010 | 001847 | 03/16/2021 | c. 1 | 03/16/2021 | Books | |||||
| Library of Congress Classification | Non-fiction | City Campus Library | City Campus Library | General Stacks | 03/16/2021 | Book Aid International | 20267 | RC451.4.P68 PSY 2010 | 001845 | 03/16/2021 | c. 2 | 03/16/2021 | Books |